|
|
|
|
| LEADER |
00000nam0a2200000 4500 |
| 001 |
264959 |
| 005 |
20231101233858.0 |
| 010 |
|
|
|a 5120002064
|
| 035 |
|
|
|a (RuTPU)RU\TPU\book\287957
|
| 090 |
|
|
|a 264959
|
| 100 |
|
|
|a 20140623d1988 k y0rusy50 ca
|
| 101 |
0 |
|
|a rus
|
| 102 |
|
|
|a UA
|
| 105 |
|
|
|a a z 001zy
|
| 200 |
1 |
|
|a Основы роботизации процессов добычи железных руд
|f Г. М. Малахов, И. Н. Малахов
|g Академия наук Украинской ССР (АН УССР), Институт геологических наук (ИГН)
|
| 210 |
|
|
|a Киев
|c Наукова думка
|d 1988
|
| 215 |
|
|
|a 180 с.
|c ил.
|
| 320 |
|
|
|a Библиогр.: с. 174-178.
|
| 606 |
1 |
|
|a Железные руды
|x Добыча
|x Автоматизация и механизация,комплексная
|2 stltpush
|3 (RuTPU)RU\TPU\subj\10488
|9 37555
|
| 610 |
1 |
|
|a роботизация
|
| 610 |
1 |
|
|a автоматизированные системы
|
| 610 |
1 |
|
|a горнодобывающее оборудование
|
| 610 |
1 |
|
|a горнодобывающие предприятия
|
| 610 |
1 |
|
|a технологические операции
|
| 610 |
1 |
|
|a системы разработки
|
| 675 |
|
|
|a 621.341.1.012
|v 3
|
| 700 |
|
1 |
|a Малахов
|b Г. М.
|g Георгий Михайлович
|
| 701 |
|
1 |
|a Малахов
|b И. Н.
|g Игорь Николаевич
|
| 712 |
0 |
2 |
|a Академия наук Украинской ССР (АН УССР)
|b Институт геологических наук (ИГН)
|c (Киев)
|2 stltpush
|3 (RuTPU)RU\TPU\col\12890
|
| 801 |
|
1 |
|a RU
|b 63413507
|c 20140623
|
| 801 |
|
2 |
|a RU
|b 63413507
|c 20150520
|g RCR
|
| 942 |
|
|
|c BK
|